000 00325nam a22001457a 4500
020 _a978-81-937464-1-7
041 _aENG
100 _aS.B Nandgude.
245 _aNatural Resources Atlas of Konkan
260 _aDapoli
_bDBSKKV
_c2018
300 _a153
650 _aGAE
700 _aD.N Mahale .D.N,Jagtap
856 _uGAE
999 _c3193
_d3193